| 000 | 00707nam a22002297a 4500 | ||
|---|---|---|---|
| 003 | OSt | ||
| 005 | 20250714090528.0 | ||
| 008 | 250714b |||||||| |||| 00| 0 eng d | ||
| 020 | _a9781975180409 | ||
| 040 |
_aDWC-Main Lib _cOC |
||
| 082 | _aCirc. 615.1 T891k 2023 | ||
| 100 | _aTucker, Rebecca G. | ||
| 245 |
_aKarch's focus on nursing pharmacology/ _cRebecca G. Tucker |
||
| 250 | _aNinth edition | ||
| 260 |
_aPhiladelphia : _bWolters Kluwer, _cc2023. |
||
| 300 |
_axiv, 1153 pages : _bcolor illustrations ; _c28cm. |
||
| 504 | _aIncludes index. | ||
| 650 | _a1. Drugs -Nursing | ||
| 650 | _a2. Nursing- Pharmacology | ||
| 650 | _a3. Pharmacology | ||
| 942 |
_2ddc _cBK-CIRC _eNinth edition _kCirc. _n0 |
||
| 999 |
_c3663 _d3663 |
||